[Event "Budapest-chT1 Lilienthal 1112"]
[Site "Budapest"]
[Date "2012.04.29"]
[Round "11"]
[White "Imre, Jozsef Otto"]
[Black "Metaxasz, Vaszilisz"]
[Result "1/2-1/2"]
[WhiteElo "2047"]
[BlackElo "2165"]
[PlyCount "47"]
[EventDate "2011.10.02"]
[EventType "team-tourn"]
[EventRounds "11"]
[EventCountry "HUN"]
[SourceTitle "EXT 2020"]
[Source "ChessBase"]
[SourceDate "2019.10.17"]
[SourceVersion "1"]
[SourceVersionDate "2019.10.17"]
[SourceQuality "1"]
[WhiteTeam "Vizugy II"]
[BlackTeam "Taban Spartacus II"]
[WhiteTeamCountry "HUN"]
[BlackTeamCountry "HUN"]

1. d4 Nf6 2. c4 e6 3. Nc3 d5 4. Bg5 c6 5. e3 Nbd7 6. Nf3 Be7 7. Rc1 0-0 8. Bd3 Re8 9. 0-0 Nf8 10. Ne5 N6d7 11. Bxe7 Qxe7 12. f4 f6 13. Ng4 dxc4 14. Bxc4 Kh8 15. Nf2 Nb6 16. Bb3 Bd7 17. Nce4 Rad8 18. Qf3 Bc8 19. Rfe1 Nd5 20. a3 Ng6 21. Bc2 Qf7 22. Qh5 Re7 23. Nh3 Nf8 24. Qh4 1/2-1/2

[Event "Budapest-chT1 Lilienthal 1112"]
[Site "Budapest"]
[Date "2012.03.18"]
[Round "10"]
[White "Mester, Attila"]
[Black "Imre, Jozsef Otto"]
[Result "1/2-1/2"]
[WhiteElo "2122"]
[BlackElo "2047"]
[PlyCount "112"]
[EventDate "2011.10.02"]
[EventType "team-tourn"]
[EventRounds "11"]
[EventCountry "HUN"]
[SourceTitle "EXT 2020"]
[Source "ChessBase"]
[SourceDate "2019.10.17"]
[SourceVersion "1"]
[SourceVersionDate "2019.10.17"]
[SourceQuality "1"]
[WhiteTeam "Penzugyor III"]
[BlackTeam "Vizugy II"]
[WhiteTeamCountry "HUN"]
[BlackTeamCountry "HUN"]

1. e4 e6 2. d3 d5 3. Nd2 c5 4. Ngf3 Nc6 5. g3 d4 6. e5 Nge7 7. Nc4 Ng6 8. a4 Qc7 9. Qe2 Be7 10. h4 b6 11. h5 Nf8 12. Bg2 h6 13. 0-0 Bb7 14. a5 Rc8 15. axb6 axb6 16. Bf4 Nd7 17. Nd6+ Bxd6 18. exd6 Qb8 19. Rfe1 0-0 20. Bh3 Rce8 21. Nh2 Qd8 22. Ng4 f5 23. Ne5 Ndxe5 24. Bxe5 Nxe5 25. Qxe5 Qd7 26. Ra7 Qc6 27. Kh2 Qd5 28. c4 dxc3 29. bxc3 Rd8 30. Qxe6+ Rf7 31. Qxd5 Bxd5 32. Rxf7 Bxf7 33. Bxf5 Rxd6 34. g4 g6 35. hxg6 Bxg6 36. Re6 Rxe6 37. Bxe6+ Kg7 38. d4 cxd4 39. cxd4 Kf6 40. Bb3 h5 41. gxh5 Bxh5 42. Kg3 b5 43. Kf4 Bg6 44. Ke3 Bf5 45. Kd2 b4 46. Kc1 Be4 47. Kd2 Bf5 48. Ke3 Bb1 49. d5 Ke5 50. f4+ Kd6 51. Kd4 Bg6 52. Kc4 Bf7 53. Kxb4 Bxd5 54. Bc2 Ke7 55. Kc5 Ba2 56. Kd4 Kf6 1/2-1/2

[Event "HUN-chT2 Breyer 1011"]
[Site "Hungary"]
[Date "2011.03.27"]
[Round "7.4"]
[White "Imre, Jozsef Otto"]
[Black "Finszter, Mate"]
[Result "0-1"]
[WhiteElo "2059"]
[BlackElo "2084"]
[PlyCount "108"]
[EventDate "2010.09.12"]
[EventType "team-tourn"]
[EventRounds "11"]
[EventCountry "HUN"]
[SourceTitle "EXT 2012"]
[Source "ChessBase"]
[SourceDate "2011.11.24"]
[SourceVersion "1"]
[SourceVersionDate "2011.11.24"]
[SourceQuality "1"]
[WhiteTeam "Vizugy"]
[BlackTeam "Gyor Komszomol"]
[WhiteTeamCountry "HUN"]
[BlackTeamCountry "HUN"]

1. d4 Nf6 2. c4 Nc6 3. Nc3 e5 4. d5 Ne7 5. e4 Ng6 6. Be3 Bb4 7. Bd3 Bxc3+ 8. bxc3 d6 9. f3 b6 10. Ne2 0-0 11. 0-0 a5 12. a4 Qe7 13. Qd2 Nd7 14. Nc1 Nc5 15. Bxc5 bxc5 16. Ne2 Bd7 17. Rfb1 Rfb8 18. Rb5 Bxb5 19. cxb5 Qf6 20. c4 Nf4 21. Ng3 h5 22. Rd1 g6 23. Bf1 Qg5 24. Ne2 Nh3+ 25. Kh1 Qxd2 26. Rxd2 Nf4 27. Nc1 h4 28. g3 hxg3 29. hxg3 Nh5 30. Kg2 Kg7 31. Bd3 Rf8 32. Rd1 Rh8 33. Rg1 Rh7 34. Kf2 Nf6 35. Bf1 Nd7 36. Nd3 Nb6 37. Nb2 f5 38. exf5 gxf5 39. Bg2 Kf6 40. Re1 Rh6 41. g4 Kg5 42. Kg3 fxg4 43. fxg4 Rh4 44. Re4 Rf8 45. Nd3 Rfh8 46. Ne1 R4h7 47. Nf3+ Kg6 48. g5 Nxa4 49. Re2 Nb6 50. Re4 a4 51. Rg4 a3 52. Nd2 a2 53. Nb3 Rh1 54. Be4+ Kg7 0-1

[Event "Budapest-chT1 Lilienthal 1011"]
[Site "Budapest"]
[Date "2010.11.14"]
[Round "4"]
[White "Imre, Jozsef Otto"]
[Black "Szamoskozi, Gabor"]
[Result "0-1"]
[WhiteElo "2059"]
[BlackElo "2335"]
[PlyCount "68"]
[EventDate "2010.09.19"]
[EventType "team-tourn"]
[EventRounds "11"]
[EventCountry "HUN"]
[SourceTitle "EXT 2020"]
[Source "ChessBase"]
[SourceDate "2019.10.17"]
[SourceVersion "1"]
[SourceVersionDate "2019.10.17"]
[SourceQuality "1"]
[WhiteTeam "Vizugy II"]
[BlackTeam "Barcza GSC"]
[WhiteTeamCountry "HUN"]
[BlackTeamCountry "HUN"]

1. d4 Nf6 2. c4 c5 3. d5 e6 4. Nc3 exd5 5. cxd5 d6 6. e4 g6 7. Bd3 Bg7 8. Nf3 0-0 9. 0-0 Bg4 10. h3 Bxf3 11. Qxf3 a6 12. a4 Nbd7 13. Bf4 Ne8 14. Qd1 Rb8 15. Qd2 Qc7 16. Bh6 Bxh6 17. Qxh6 c4 18. Bc2 b5 19. axb5 axb5 20. Qe3 Nc5 21. f4 b4 22. Ne2 Nf6 23. Qd4 Nfxe4 24. Bxe4 Nb3 25. Qf2 Nxa1 26. Rxa1 Rfe8 27. Bf3 c3 28. Nd4 Ra8 29. Rxa8 Rxa8 30. bxc3 Qxc3 31. f5 b3 32. fxg6 hxg6 33. Be4 Ra4 34. Nb5 Ra1+ 0-1

[Event "HUN-chT2 Breyer 0809"]
[Site "Hungary"]
[Date "2009.02.08"]
[Round "7"]
[White "Lengyel, Sandor"]
[Black "Imre, Jozsef Otto"]
[Result "1-0"]
[WhiteElo "1849"]
[BlackElo "2015"]
[PlyCount "97"]
[EventDate "2008.10.26"]
[EventType "tourn"]
[EventRounds "11"]
[EventCountry "HUN"]
[SourceTitle "EXT 2010"]
[Source "ChessBase"]
[SourceDate "2010.11.25"]
[SourceVersion "1"]
[SourceVersionDate "2010.11.25"]
[SourceQuality "1"]
[WhiteTeam "Turul"]
[BlackTeam "Vizugy"]
[WhiteTeamCountry "HUN"]
[BlackTeamCountry "HUN"]

1. e4 e6 2. d4 d5 3. Nc3 Bb4 4. e5 c5 5. Bd2 cxd4 6. Nb5 Bc5 7. Qg4 g6 8. Nf3 Nc6 9. Nbxd4 Nxd4 10. Nxd4 Qb6 11. Bc3 Bd7 12. Bd3 Ne7 13. 0-0 h5 14. Qf4 0-0-0 15. Nb3 Nc6 16. Nxc5 Qxc5 17. Bd2 Qe7 18. b4 Rdg8 19. b5 g5 20. Qa4 Qc5 21. bxc6 Bxc6 22. Qb4 Qxb4 23. Bxb4 Kd7 24. c4 Rc8 25. cxd5 Bxd5 26. Bb5+ Bc6 27. Bxc6+ Rxc6 28. Rfd1+ Kc8 29. Rac1 Rxc1 30. Rxc1+ Kd7 31. Bd6 Rc8 32. Rxc8 Kxc8 33. Be7 g4 34. Kf1 Kd7 35. Bg5 Kc6 36. Ke2 Kd5 37. Bf6 Ke4 38. f3+ gxf3+ 39. gxf3+ Kf4 40. h4 b6 41. a3 a6 42. Kf2 b5 43. Ke2 a5 44. Kd3 Kxf3 45. Bd8 Kf4 46. Kd4 b4 47. axb4 axb4 48. Bf6 b3 49. Kc3 1-0

[Event "HUN-chT2 Charousek 0708"]
[Site "Hungary"]
[Date "2007.12.16"]
[Round "5"]
[White "Medvegyne Balogh, Emese"]
[Black "Imre, Jozsef Otto"]
[Result "1/2-1/2"]
[WhiteElo "2082"]
[BlackElo "1986"]
[PlyCount "118"]
[EventDate "2007.10.14"]
[EventType "team-tourn"]
[EventRounds "11"]
[EventCountry "HUN"]
[SourceTitle "EXT 2009"]
[Source "ChessBase"]
[SourceDate "2008.11.26"]
[SourceVersion "1"]
[SourceVersionDate "2008.11.26"]
[SourceQuality "1"]
[WhiteTeam "Dunaharaszti"]
[BlackTeam "Vizugy"]
[WhiteTeamCountry "HUN"]
[BlackTeamCountry "HUN"]

1. e4 e6 2. d4 d5 3. Nd2 Nf6 4. e5 Nfd7 5. Bd3 c5 6. c3 Nc6 7. Ne2 Qb6 8. Nf3 cxd4 9. cxd4 Bb4+ 10. Bd2 Bxd2+ 11. Qxd2 Qb4 12. 0-0 Qxd2 13. Nxd2 Nb4 14. Bb5 a6 15. Ba4 b5 16. Bd1 Nc6 17. Rc1 Na5 18. Nf3 h6 19. Bc2 Bb7 20. Bd3 Ke7 21. b3 Rhc8 22. Rxc8 Rxc8 23. Nd2 Nc6 24. f4 f5 25. exf6+ gxf6 26. Rf3 Kf7 27. Rh3 Rh8 28. Kf2 f5 29. Nf3 Kg7 30. Nh4 Ne7 31. Re3 Kf7 32. h3 Nf6 33. Nf3 Ne4+ 34. Bxe4 dxe4 35. Ne5+ Ke8 36. Rg3 Rg8 37. Rxg8+ Nxg8 38. g4 Kf8 39. Nd7+ Kg7 40. Nc5 Bc8 41. Ng3 Nf6 42. g5 Nd5 43. Ne2 b4 44. Kg3 Kg6 45. h4 Nc3 46. Nxc3 bxc3 47. b4 Bb7 48. Kf2 Bd5 49. Ke3 hxg5 50. hxg5 Bxa2 51. Nxa6 Bc4 52. Nc5 Kf7 53. Nd7 Bb5 54. Nc5 Be8 55. Nb3 Ke7 56. Nc1 Kd6 57. Ne2 c2 58. Kd2 Kd5 59. Kc3 Bh5 1/2-1/2

[Event "HUN-chT2 Szechenyi 0607"]
[Site "Hungary"]
[Date "2007.05.06"]
[Round "10"]
[White "Imre, Jozsef Otto"]
[Black "Ludvai, Zsolt"]
[Result "1-0"]
[WhiteElo "1990"]
[BlackElo "1931"]
[PlyCount "89"]
[EventDate "2006.11.12"]
[EventType "team-tourn"]
[EventRounds "11"]
[EventCountry "HUN"]
[SourceTitle "EXT 2008"]
[Source "ChessBase"]
[SourceDate "2007.11.25"]
[SourceVersion "1"]
[SourceVersionDate "2007.11.25"]
[SourceQuality "1"]
[WhiteTeam "Sarvar"]
[BlackTeam "Ajka Banyasz"]
[WhiteTeamCountry "HUN"]
[BlackTeamCountry "HUN"]

1. d4 Nf6 2. c4 g6 3. Nc3 Bg7 4. e4 d6 5. Nge2 0-0 6. Ng3 e5 7. d5 Nbd7 8. Be2 Nc5 9. b4 Na6 10. a3 c5 11. b5 Nc7 12. Be3 b6 13. h3 Bd7 14. 0-0 Qc8 15. Qd2 Nfe8 16. Bh6 f5 17. exf5 Bxf5 18. Nxf5 gxf5 19. g4 f4 20. Bxg7 Nxg7 21. f3 Nce8 22. Bd3 Qd8 23. Kg2 Qh4 24. Qf2 Qxf2+ 25. Kxf2 Nf6 26. a4 Kh8 27. a5 Rfd8 28. Ra2 Nfe8 29. Rfa1 Nc7 30. Ne4 Nge8 31. Ng5 Kg7 32. Bxh7 Nf6 33. Be4 Rh8 34. Kg2 Nd7 35. Ne6+ Nxe6 36. dxe6 Rxh3 37. Kxh3 Rh8+ 38. Kg2 Nf6 39. axb6 Nxe4 40. fxe4 axb6 41. Ra8 Rh4 42. R1a7+ Kf6 43. Rf7+ Kxe6 44. Raa7 Rxg4+ 45. Kf2 1-0

[Event "HUN-chT2 Szechenyi 0304"]
[Site "Hungary"]
[Date "2004.04.04"]
[Round "10"]
[White "Imre, Jozsef Otto"]
[Black "Gocza, Bela"]
[Result "1/2-1/2"]
[WhiteElo "1949"]
[BlackElo "1773"]
[PlyCount "52"]
[EventDate "2003.09.28"]
[EventType "team-tourn"]
[EventRounds "11"]
[EventCountry "HUN"]
[SourceTitle "EXT 2009"]
[Source "ChessBase"]
[SourceDate "2008.11.26"]
[SourceVersion "1"]
[SourceVersionDate "2008.11.26"]
[SourceQuality "1"]
[WhiteTeam "Sarvar"]
[BlackTeam "Arboretum"]
[WhiteTeamCountry "HUN"]
[BlackTeamCountry "HUN"]

1. d4 Nf6 2. c4 e6 3. Nc3 Bb4 4. a3 Bxc3+ 5. bxc3 0-0 6. Qc2 c5 7. e4 d5 8. e5 Ne4 9. Bd3 f5 10. Ne2 Qh4 11. 0-0 Qd8 12. Be3 Nc6 13. Qc1 h6 14. Rd1 Na5 15. Qc2 Nxc4 16. Bxc4 dxc4 17. f3 Ng5 18. dxc5 Qc7 19. Qd2 Nf7 20. f4 Rd8 21. Qa2 b5 22. Rxd8+ Nxd8 23. Rd1 Bb7 24. Rd6 Bd5 25. Qd2 Nb7 26. Nd4 Nxd6 1/2-1/2

[Event "HUN-chT2 Szechenyi 0304"]
[Site "Hungary"]
[Date "2004.02.08"]
[Round "7"]
[White "Domotor, Jozsef"]
[Black "Imre, Jozsef Otto"]
[Result "1/2-1/2"]
[WhiteElo "2088"]
[BlackElo "1949"]
[PlyCount "22"]
[EventDate "2003.09.28"]
[EventType "team-tourn"]
[EventRounds "11"]
[EventCountry "HUN"]
[SourceTitle "EXT 2009"]
[Source "ChessBase"]
[SourceDate "2008.11.26"]
[SourceVersion "1"]
[SourceVersionDate "2008.11.26"]
[SourceQuality "1"]
[WhiteTeam "Lenti"]
[BlackTeam "Sarvar"]
[WhiteTeamCountry "HUN"]
[BlackTeamCountry "HUN"]

1. Nf3 Nf6 2. d4 e6 3. e3 c5 4. Bd3 d5 5. c4 cxd4 6. exd4 Nc6 7. a3 dxc4 8. Bxc4 Be7 9. Nc3 0-0 10. 0-0 a6 11. Ba2 b5 1/2-1/2

[Event "HUN-chT2 Szechenyi 0304"]
[Site "Hungary"]
[Date "2003.11.30"]
[Round "4"]
[White "Imre, Jozsef Otto"]
[Black "Nagy, Tibor"]
[Result "1/2-1/2"]
[WhiteElo "1949"]
[BlackElo "1865"]
[PlyCount "28"]
[EventDate "2003.09.28"]
[EventType "team-tourn"]
[EventRounds "11"]
[EventCountry "HUN"]
[SourceTitle "EXT 2009"]
[Source "ChessBase"]
[SourceDate "2008.11.26"]
[SourceVersion "1"]
[SourceVersionDate "2008.11.26"]
[SourceQuality "1"]
[WhiteTeam "Sarvar"]
[BlackTeam "Flesch"]
[WhiteTeamCountry "HUN"]
[BlackTeamCountry "HUN"]

1. d4 d5 2. c4 e6 3. Nf3 Nf6 4. Nc3 Be7 5. Bg5 0-0 6. e3 h6 7. Bh4 Ne4 8. Bxe7 Qxe7 9. Nxe4 dxe4 10. Nd2 f5 11. a3 Nd7 12. b4 b6 13. c5 Bb7 14. Rc1 Bd5 1/2-1/2